Healthcare-seeking of medical students the effect of socio-demographic factors, health behaviour and health status – a cross-sectional study in Hungary /

Elmentve itt :
Bibliográfiai részletek
Szerzők: Umami Afriza
Zsiros Viktória
Maróti-Nagy Ágnes
Máté Zsuzsanna
Sudalhar Sudalhar
Molnár Regina
Paulik Edit
Dokumentumtípus: Cikk
Megjelent: 2023
Sorozat:BMC PUBLIC HEALTH 23 No. 1
Tárgyszavak:
doi:10.1186/s12889-023-17041-4

mtmt:34232251
Online Access:http://publicatio.bibl.u-szeged.hu/28561
LEADER 00997nab a2200277 i 4500
001 publ28561
005 20231103084635.0
008 231103s2023 hu o 0|| Angol d
022 |a 1471-2458 
024 7 |a 10.1186/s12889-023-17041-4  |2 doi 
024 7 |a 34232251  |2 mtmt 
040 |a SZTE Publicatio Repozitórium  |b hun 
041 |a Angol 
100 1 |a Umami Afriza 
245 1 0 |a Healthcare-seeking of medical students  |h [elektronikus dokumentum] :  |b the effect of socio-demographic factors, health behaviour and health status – a cross-sectional study in Hungary /  |c  Umami Afriza 
260 |c 2023 
300 |a 11 
490 0 |a BMC PUBLIC HEALTH  |v 23 No. 1 
650 4 |a Egészségtudományok 
700 0 1 |a Zsiros Viktória  |e aut 
700 0 2 |a Maróti-Nagy Ágnes  |e aut 
700 0 2 |a Máté Zsuzsanna  |e aut 
700 0 2 |a Sudalhar Sudalhar  |e aut 
700 0 2 |a Molnár Regina  |e aut 
700 0 2 |a Paulik Edit  |e aut 
856 4 0 |u http://publicatio.bibl.u-szeged.hu/28561/1/34232251.pdf  |z Dokumentum-elérés